000
00340nam a2200145Ia 4500
008
210210b1939 xxu||||| |||| 00| 0 eng d
041
_a
eng
082
_a
874/21
100
_a
JOSEPH (M O)
245
_a
Prabandharavatnavali
260
_a
_b
-
_c
1939
650
_a
Prabandharavatnavali
690
_a
Malayalam Criticism
906
_a
002610
999
_c
124580
_d
124580